01033nam a2200217 a 450000100100000000500170001000800410002704000250006808200160009310000310010924000670014024500730020726000490028030000210032949000170035050000270036783000240039495201870041895201930060599900170079800003574020200930074556.0111109s1972 mx 000 0 spa d aDO-SdBNPbspacBNPHU axxxxbF197r1 aFals Borda, Orlando96168610aCooperatives and rural development in Latin AmericalEspañol13aEl reformismo por dentro en América Latina. /cOrlando Fals Borda. aMéxico :bSiglo Veintiuno Editores,c1972. a215 p. ;c16 cm.1 aMínimav48 aTraducido del inglés 0aMínimav48928232 001050718MOaGRbGRcCTd2011-11-09iLF1l0oxxxx F197rp35740-10r2020-06-25w2020-06-25y1zPerteneció a la biblioteca personal de Juan Isidro Jimenes -GrullónZNo se presta 001050718MOaGRbGRcCTd2011-11-11iLF1l0oxxxx F197rp35740-20r2020-06-25te. 2w2020-06-25y1zPerteneció a la biblioteca personal de Juan Isidro Jimenes -GrullónZNo se presta c35231d35231